000
002840000a22000970004500
100
1
_a
Labidi Maïza, Mehrézia
245
1
0
_a
Heredera de mi padre. Recorrido de una musulmana feminista
300
_a
Vol.316, núm.316 (Junio, 2006), Páginas 427-436
773
0
_t
Concilium
942
_c
ANA
999
_c
62010
_d
62010